Central Library OPAC University of Rajshahi

Statistical prediction analysis / (Record no. 7629)

MARC details
000 -LEADER
fixed length control field 01063cam a2200301 i 4500
001 - CONTROL NUMBER
control field 7629
003 - CONTROL NUMBER IDENTIFIER
rucl marc code BD-RjUL
005 - DATE AND TIME OF LATEST TRANSACTION
control field 20211208234440.0
008 - FIXED-LENGTH DATA ELEMENTS--GENERAL INFORMATION
fixed length control field 140115s1975 enka 001 0 eng d
020 ## - INTERNATIONAL STANDARD BOOK NUMBER
International Standard Book Number 0521206928
035 ## - SYSTEM CONTROL NUMBER
System control number (BD-RjUL)7673
040 ## - CATALOGING SOURCE
Original cataloging agency DLC
Transcribing agency DLC
Modifying agency BD-RjUL
Language of cataloging eng
041 ## - LANGUAGE CODE
Language code of text/sound track or separate title eng
082 00 - DEWEY DECIMAL CLASSIFICATION NUMBER
Classification number 519.54
Author mark and year AIS 1975
100 1# - MAIN ENTRY--PERSONAL NAME
Personal name Aitchison, J.
Fuller form of name (John),
Dates associated with a name 1926-
9 (RLIN) 20784
245 10 - TITLE STATEMENT
Title Statistical prediction analysis /
Statement of responsibility, etc. J. Aitchison, I. R. Dunsmore.
260 ## - PUBLICATION, DISTRIBUTION, ETC. (IMPRINT)
Place of publication, distribution, etc. Cambridge [Eng.] ;
-- New York :
Name of publisher, distributor, etc. Cambridge University Press,
Date of publication, distribution, etc. c1975.
300 ## - PHYSICAL DESCRIPTION
Pagination xi, 273 p. :
Illustrations ill. ;
Size 24 cm.
504 ## - BIBLIOGRAPHY, ETC. NOTE
Bibliography, etc Bibliography: p. 259-265.
650 #0 - SUBJECT ADDED ENTRY--TOPICAL TERM
Topical term or geographic name as entry element Prediction theory.
9 (RLIN) 21058
Topical term or geographic name as entry element Statistical tolerance regions.
9 (RLIN) 23791
700 1# - ADDED ENTRY--PERSONAL NAME
Personal name Dunsmore, I. R.,
Relator term joint author.
856 42 - ELECTRONIC LOCATION AND ACCESS
Materials specified Publisher description
Uniform Resource Identifier <a href="http://www.loc.gov/catdir/enhancements/fy0901/74025649-d.html">http://www.loc.gov/catdir/enhancements/fy0901/74025649-d.html</a>
Materials specified Table of contents only
Uniform Resource Identifier <a href="http://www.loc.gov/catdir/enhancements/fy0901/74025649-t.html">http://www.loc.gov/catdir/enhancements/fy0901/74025649-t.html</a>
942 ## - ADDED ENTRY ELEMENTS (KOHA)
Source of classification or shelving scheme Dewey Decimal Classification
Koha item type Books
Holdings
Lost status Source of classification or shelving scheme Damaged status Not for loan Collection code Permanent Location Current Location Shelving location Date acquired Source of acquisition Cost, normal purchase price Total Checkouts Full call number Date last seen Copy number Koha item type
  Dewey Decimal Classification     Non-fiction Central Library, University of Rajshahi Central Library, University of Rajshahi   27/07/1979 Heffer 9.50   519.54 AIS 1975 15/01/2014 C-10 Books
  Dewey Decimal Classification     Non-fiction Central Library, University of Rajshahi Central Library, University of Rajshahi   27/07/1979 Heffer 9.50   519.54 AIS 1975 01/09/2016 C-2 Books
  Dewey Decimal Classification     Non-fiction Central Library, University of Rajshahi Central Library, University of Rajshahi   27/07/1979 Heffer 9.50   519.54 AIS 1975 01/09/2016 C-3 Books
  Dewey Decimal Classification     Non-fiction Central Library, University of Rajshahi Central Library, University of Rajshahi   27/07/1979 Heffer 9.50   519.54 AIS 1975 01/09/2016 C-4 Books
  Dewey Decimal Classification     Non-fiction Central Library, University of Rajshahi Central Library, University of Rajshahi   27/07/1979 Heffer 9.50   519.54 AIS 1975 01/09/2016 C-5 Books
  Dewey Decimal Classification     Non-fiction Central Library, University of Rajshahi Central Library, University of Rajshahi   27/07/1979 Heffer 9.50   519.54 AIS 1975 01/09/2016 C-6 Books
  Dewey Decimal Classification     Non-fiction Central Library, University of Rajshahi Central Library, University of Rajshahi   05/01/1981 Heffer 8.50   519.54 AIS 1975 04/09/2016 C-7 Books
  Dewey Decimal Classification     Non-fiction Central Library, University of Rajshahi Central Library, University of Rajshahi   27/07/1979 Heffer 9.50   519.54 AIS 1975 31/10/2016 C-8 Books